00638nam a2200157Ia 4500008004100000020005500041040000800096082001800104100003200122245004700154264003500201942001300236952010700249952010700356999001700463231129s9999||||xx |||||||||||||| ||spa|| a84-7232-508-3  bspa a946.053 P657q aPinochet de la Barra Oscar 0aQuiros y su utopia de las Indias Australes aEdiciones de Cultura Hispanica 2ddccBKS 00102ddc4070aBRCbBRCd2009-07-09l0o946.053 P657qp26626r2023-11-29 21:29:32t1w2023-11-29yBK 00102ddc4070aBRCbBRCd2009-07-09l0o946.053 P657qp26627r2023-11-29 21:29:32t2w2023-11-29yBK c23679d23679